Responses for show #4176 - Monday, October 28, 2002

Contestants

Laura Pierce, a home schooling mother of two from Valencia, California

Bob Vavra, an editor and writer from Woodridge, Illinois

Phillip Steele, a security officer from Los Angeles, California (whose 1-day cash winnings total $9,398)

Jeopardy! Round responses

THE U.S. CONSTITUTION
"GIRL" MOVIES
AMERICAN CITIES
FACE TALK
WE MADE IT
JUSTIN TIME
    $200 26
judiciary

Bob
    $200 11
Funny Girl

Phillip
    $200 1
San Francisco

Phillip
    $200 6
lip

Laura
    $200 21
bifocals

Laura
    $200 16
horse

Bob
    $400 27
(Laura: What is tranquility?)

Constitution

Laura
Triple Stumper
    $400 12
The Goodbye Girl

Phillip
    $400 2
St. Paul

Phillip
    $400 7
I (incomplete)

Phillip
    $400 22
synthesizer

Bob
    $400 17
Kramer vs. Kramer

Bob
    $600 28
George Washington

Triple Stumper
    $600 13
Georgy Girl

Phillip
    $600 3
Milwaukee

Bob
    $600 8
Chin

Laura
    $2,600 23
Coney Island

Bob
    $600 18
archery

Bob
    $800 29
(Laura: What is vote for women?)

Prohibition

PhillipLaura
    $800 14
Bad Girls

Triple Stumper
    $800 4
(Alex: His name was Orlando Reeves.)

Orlando

Bob
    $800 9
brow

Bob
    $800 24
Daniel Fahrenheit

Laura
    $800 19
British Open

Bob
    $1000 30
Vermont

Triple Stumper
    $1000 15
Birthday Girl

Triple Stumper
    $1000 5
El Paso

Phillip
    $1000 10
temple

Triple Stumper
    $1000 25
revolver

Laura
    $1000 20
Presidential Medal of Freedom

Triple Stumper

Scores at the first commercial break (after clue 15):

Phillip Bob Laura
$3,200 $2,200 $800

Scores at the end of the Jeopardy! Round:

Phillip Bob Laura
$4,000 $7,400 $1,600

Double Jeopardy! Round responses

THE CHEMICAL WORLD
BIOGRAPHIES
THE 1890s
LAS VEGAS
'80s MUSIC
"G" WHIZ!
    $400 1
(Laura: What is nicotine?)

tar

PhillipLaura
    $400 14
unauthorized

Laura
    $400 26
Sigmund Freud

Bob
    $400 19
poker

Phillip
    $400 4
Heart

Laura
    $400 9
guidebook

Bob
    $800 2
activated

Phillip
    $800 15
"A Beautiful Mind"

Bob
    $800 30
PTA (Parent-Teacher Association)

Phillip
    $800 20
(Phillip: What is 3?)

4 (the bride, the groom, the person officiating & one witness)

PhillipLaura
    $800 5
Prince

Laura
    $800 10
garnet

Phillip
    $1200 3
enzymes

Bob
    $1200 16
Daniel Boone

Bob
    $1200 29
Maine

Laura
    $1200 23
(Phillip: What is the Hard Rock Hotel?)
....
(Alex: Minute to go now.)

New York New York

PhillipLaura
    $1200 6
Rick James

Phillip
    $1200 11
The Gin Game

Phillip
    $1600 21
(Phillip: What is silver nitrate?)
...
(Alex: You gave us a bit too much information.)

cellulose nitrate

Phillip
Triple Stumper
    $2,700 17
(Bob: Who is Hemingway?)

Carson McCullers

Bob
    $1600 28
national forests

Laura
    $1600 24
Aladdin

Phillip
    $1600 7
Soft Cell

Phillip
    $1600 12
(Bob: What is Gothic?)

"The Gilded Age"

Bob
Triple Stumper
    $2,000 22
serotonin

Laura
    $2000 18
Antonia Fraser

Triple Stumper
    $2000 27
Giacomo Puccini

Triple Stumper
    $2000 25
Fremont Street

Phillip
    $2000 8
Bonnie Tyler

Phillip
    $2000 13
Guelphs

Triple Stumper

Scores at the end of the Double Jeopardy! Round:

Phillip Bob Laura
$13,200 $7,100 $9,600

[wagering suggestions for these scores]

Final Jeopardy! Round responses

DOUBLE MEANINGS
(Alex: The Pope is the Primate of Italy & the Bishop of Rome.)
BobWhat is pontiff?
$7,000
LauraWhat is the Holy See?
$4,601
PhillipWhat is Fathe
$6,800
primate

Final scores:

Phillip Bob Laura
$6,400 $100 $4,999
2-day champion: $15,798 3rd place: $1,000 2nd place: $2,000

Game dynamics:

Coryat scores:

Phillip Bob Laura
$13,200 $7,800 $9,600
19 R,
3 W
15 R
(including 1 DD),
2 W
(including 1 DD)
13 R
(including 1 DD),
3 W

Combined Coryat: $30,600

The J! Archive is created by fans, for fans. The Jeopardy! game show and all elements thereof, including but not limited to copyright and trademark thereto, are the property of Jeopardy Productions, Inc. and are protected under law. This website is not affiliated with, sponsored by, or operated by Jeopardy Productions, Inc. Join the discussion at JBoard.tv.